000 00624nam a22002297a 4500
999 _c6329
_d6329
003 OSt
005 20190918161224.0
008 190918b ||||| |||| 00| 0 eng d
020 _a9780805359091
020 _a0321372948
040 _cDNLM
082 _aQS4 M338h 2007
100 _aMarieb, Elaine N.; Hoehn, Katja.
_912954
245 _aHuman Anatomy & Physiology
250 _a7th ed.
260 _aSan Francisco;
_bPearson;
_c2007
300 _axvi,1159p;
_bcol.ill:
_c28cm
504 _aAppendices, glossary, credit, & index included
650 _aAnatomy
_9124
650 _aPhysiology
_9215
942 _2z
_cB_BANK